Survey Review (Record no. 118611)

MARC details
000 -LEADER
fixed length control field 00720cas a22002295a 4500
001 - CONTROL NUMBER
control field L369
008 - FIXED-LENGTH DATA ELEMENTS--GENERAL INFORMATION
fixed length control field 070713d1963 xxkqr p 0 a0eng
022 1# - INTERNATIONAL STANDARD SERIAL NUMBER
International Standard Serial Number 0039-6265
035 ## - SYSTEM CONTROL NUMBER
System control number (Sirsi) u98991
041 0# - LANGUAGE CODE
Language code of text/sound track or separate title eng
110 2# - MAIN ENTRY--CORPORATE NAME
Corporate name or jurisdiction name as entry element Commonwealth Association of Surveying and Land Economy
9 (RLIN) 2570
245 00 - TITLE STATEMENT
Title Survey Review
260 ## - PUBLICATION, DISTRIBUTION, ETC.
Place of publication, distribution, etc. Bristol
Name of publisher, distributor, etc. Commonwealth Association of Surveying and Land Economy
Date of publication, distribution, etc. 1963-
362 ## - DATES OF PUBLICATION AND/OR SEQUENTIAL DESIGNATION
Dates of publication and/or sequential designation 17(127) January 1963-
500 ## - GENERAL NOTE
General note Subscription ceased
500 ## - GENERAL NOTE
General note Latest issue September 2015
651 #4 - SUBJECT ADDED ENTRY--GEOGRAPHIC NAME
Geographic name International
690 ## - LOCAL SUBJECT ADDED ENTRY--TOPICAL TERM (OCLC, RLIN)
Topical term or geographic name as entry element ENVIRONMENTAL AND LAND CONSULTANCY-GEOMATICS-LAND SURVEYING
780 00 - PRECEDING ENTRY
Title Empire Survey Review
International Standard Serial Number 0267-1034
942 ## - ADDED ENTRY ELEMENTS (KOHA)
Suppress in OPAC 0
Source of classification or shelving scheme Dewey Decimal Classification
948 ## - LOCAL PROCESSING INFORMATION (OCLC); SERIES PART DESIGNATOR (RLIN)
c (OCLC) 25/01/1995
Holdings
Withdrawn status Lost status Source of classification or shelving scheme Damaged status Not for loan Home library Current library Shelving location Date acquired Total Checkouts Full call number Barcode Date last seen Price effective from Koha item type
    Dewey Decimal Classification     London London Gallery 21/09/2005   SURVEY REVIEW 98991-2001 06/08/2019 06/08/2019 Journal